| 000 | 01215pam a2200325 a 4500 | ||
|---|---|---|---|
| 001 | 2107211 | ||
| 003 | OSt | ||
| 005 | 20161205131955.0 | ||
| 008 | 960715s1996 gw a b 001 0 eng | ||
| 010 | _a 96029219 | ||
| 020 | _a3540615555 (Berlin : acidfree paper) | ||
| 020 | _a9783540615552 | ||
| 040 |
_aDLC _cDLC _dDLC |
||
| 041 | 1 |
_aeng _hger |
|
| 050 | 0 | 0 |
_aQC173 _b.H17513 1996 |
| 082 | 0 | 0 |
_a539 _222 _bHHP |
| 100 | 1 |
_aHaken, H. _957218 |
|
| 240 | 1 | 0 |
_aAtom- und Quantenphysik. _lEnglish |
| 245 | 1 | 4 |
_aThe physics of atoms and quanta : _bintroduction to experiments and theory / _cHermann Haken, Hans Christoph Wolf ; translated by William D. Brewer. |
| 250 | _a5th ed. | ||
| 260 |
_aBerlin ; _aNew York : _bSpringer, _cc1996. |
||
| 300 |
_axvi, 475 p. : _bill. ; _c25 cm. |
||
| 504 | _aIncludes bibliographical references (p. [459]-463) and index. | ||
| 650 | 0 |
_aAtoms. _98910 |
|
| 650 | 0 |
_aQuantum theory. _957219 |
|
| 700 | 1 |
_aWolf, H. C. _q(Hans Christoph), _d1929- _957220 |
|
| 906 |
_a7 _bcbc _corignew _d1 _eocip _f19 _gy-gencatlg |
||
| 942 |
_2ddc _cBOOK |
||
| 999 |
_c39977 _d274477 |
||